00546nam a22002297a 450000500170000001000130001702000100003003500130004003700160005304000120006908200150008110000140009624500480011026000460015827000380020430000200024250000200026265000160028265000120029870000030031070000030031320170124110046.0 aA-412607 c00.00 aA-412607 bCen Lib/Ret aDPLbEN a880.8bKER aKer, W.P. aMedieval english literature /cby W.P. Ker  aNew DelhibDeep & deep publication c1990 bNew DelhiaD1/24, RAjouri garden  a256p.c21cm(Hb) aIncludes index  aLiterature  aPoetry